000 00264nam a2200097Ia 4500
001 1250508
005 20251031150857.0
008 251031s9999 xx 000 0 und d
245 0 _cHATİCE KÜBRA TONGAR
_aI-1 BAĞIRMAYAN ÇOCUKLAR
260 _bHAYY KİTAP YAYINLARI
999 _c1250508
_d1250508